Statistics for The World's 50 Largest Cities by Letter - H

Click here to take the quiz!

General Stats

  • This quiz has been taken 776 times
  • The average score is 21 of 50

Answers on the Map

Answers color-coded by a green-red scale on the quiz's map according to % correct below.
 

Answer Stats

RankPopulationCountryCity% Correct
112,203,000CubaHavana
98%
66,442,000United StatesHouston
98%
102,686,000GermanyHamburg
97%
38,351,000VietnamHanoi
97%
211,410,000FinlandHelsinki
97%
112,832,000VietnamHo Chi Minh City
96%
31958,000United StatesHonolulu
93%
92,907,000ZimbabweHarare
92%
47,677,000IndiaHyderabad
87%
142,054,000PakistanHyderabad
87%
57,507,000China SARHong Kong
82%
281,111,000GermanyHanover
80%
210,130,000ChinaHangzhou
76%
36821,000IsraelHaifa
75%
75,051,000ChinaHarbin
74%
291,050,000United StatesHartford
70%
201,432,000JapanHiroshima
70%
44646,000United StatesHarrisburg
59%
84,731,000ChinaHefei
52%
39783,000SyriaHoms
44%
171,591,000ChinaHuainan
44%
33889,000AfghanistanHerat
40%
38798,000SomaliaHargeisa
31%
132,080,000ChinaHuizhou
31%
151,921,000ChinaHaikou
28%
122,131,000ChinaHohhot
28%
35830,000MexicoHermosillo
26%
231,377,000VietnamHaiphong
23%
47613,000AngolaHuambo
21%
261,129,000JapanHamamatsu
20%
37802,000North KoreaHamhung
20%
181,578,000ChinaHuai'an
20%
41702,000ChinaHuzhou
17%
161,698,000ChinaHandan
16%
191,525,000ChinaHengyang
12%
251,221,000ChinaHuaibei
12%
32944,000IndiaHubli-Dharwad
12%
40773,000JapanHimeji
8%
241,236,000Saudi ArabiaHofuf
8%
271,117,000TaiwanHsinchu
8%
50575,000YemenHudaydah
8%
43653,000IranHamadan
7%
45626,000ThailandHat Yai - Songkhla
7%
48603,000ChinaHegang
7%
34851,000ChinaHeze
6%
30996,000IraqHillah
6%
221,404,000ChinaHuangshi
4%
49583,000ChinaHaicheng
3%
42688,000ChinaHanzhong
3%
46618,000ChinaHuilai
3%

Score Distribution

Percentile by Number Answered

Percent of People with Each Score

Your Score History

You have not taken this quiz